000 00277nam a22001097a 4500
082 _a530
100 _aChenglei,W.Melemnganba
_981961
245 _a NTA CSIR UGC NET/JRF/SET Physical Sciences
260 _aMeerut UP
_bArihant Publicatiom
_c2023
650 _aPhysics
942 _cBK
999 _c66202
_d66202